000 00811nam a2200253Ia 4500
003 OSt
005 20220925192058.0
006 a|||||r|||| 00| 0
007 ta
008 220923b |||||||| |||| 00| 0 eng d
020 _a1591397588
_c1000.00
037 _b11706, 14/09/2007, GOVINDA BOOK HOUSE
_cGeneral Book
040 _aRTL
_cRTL
_beng
041 _2eng
_aeng
082 _aXM5:8, P5
100 _aGovindarajan Vijay
245 0 _aTen rules for strategic innovators
_bFrom idea to execution
260 _aBoston
_bHarvard Business School Press
_c2005
300 _axxvii, 224p
_ccm.
650 _aCommerce
700 _a Trimble Chris
942 _hXM5:8, P5
_cGB
_2CC
999 _c520887
_d520887